Punch, or The London Charivari. (Record no. 1706)
[ view plain ]
| 000 -LEADER | |
|---|---|
| campo de control de longitud fija | 00922nas a22002651i#4500 |
| 001 - NÚMERO DE CONTROL | |
| campo de control | 1706 |
| 003 - IDENTIFICADOR DE NÚMERO DE CONTROL | |
| campo de control | ES-MaACL |
| 005 - FECHA Y HORA DE LA ÚLTIMA TRANSACCIÓN | |
| campo de control | 20250822100006.0 |
| 007 - CAMPO FIJO DE DESCRIPCIÓN FÍSICA--INFORMACIÓN GENERAL | |
| campo de control de longitud fija | t| |
| 008 - DATOS DE LONGITUD FIJA--INFORMACIÓN GENERAL | |
| campo de control de longitud fija | 950801c18412002xxkw| | 1 ||ng d |
| 080 ## - NÚMERO DE LA CLASIFICACIÓN DECIMAL UNIVERSAL | |
| Número de la Clasificación Decimal Universal | (410) |
| 080 ## - NÚMERO DE LA CLASIFICACIÓN DECIMAL UNIVERSAL | |
| Número de la Clasificación Decimal Universal | 82-7 |
| 245 00 - MENCIÓN DEL TÍTULO | |
| Título | Punch, or The London Charivari. |
| 246 13 - FORMA VARIANTE DEL TITULO | |
| Título propio/Titulo breve | London Charivari |
| 260 ## - PUBLICACIÓN, DISTRIBUCIÓN, ETC. | |
| Lugar de publicación, distribución, etc. | London : |
| Nombre del editor, distribuidor, etc. | At the Office, |
| Fecha de publicación, distribución, etc. | 1841- ( |
| Fabricante | Bradbury and Evans) |
| 300 ## - DESCRIPCIÓN FÍSICA | |
| Extensión | 166 v. : |
| Otras características físicas | grab ; |
| Dimensiones | 29 cm. |
| 310 ## - PERIODICIDAD ACTUAL | |
| Periodicidad actual | Semanal |
| 362 0# - FECHAS DE PUBLICACIÓN Y/O DESIGNACIÓN SECUENCIAL | |
| Fecha de publicación y/o designación secuencial | Vol. 1, no. 1 (July 17, 1841)-vol. 301, no. 7888 (Apr. 1992); vol. 302, no. 7889 (Sept. 1996)-2002. |
| 515 ## - NOTA DE PECULIARIDADES DE LA NUMERACIÓN | |
| Nota de peculiaridades de la numeración | Se suspende la publicación entre 1992 y sept. de 1996. |
| 650 17 - PUNTO DE ACCESO ADICIONAL DE MATERIA--TÉRMINO DE MATERIA | |
| Término de materia o nombre geográfico como elemento de entrada | Sátira |
| Fuente del encabezamiento o término | embne |
| 9 (RLIN) | 16997 |
| 852 ## - LOCALIZACIÓN | |
| Ubicación | ES-MaACL |
| Número de control de estantería | Z-17 |
| Signatura antigua | Olim: Hem-1650 |
| -- | Olim: Hem-1053 |
| 866 #0 - MENCIÓN TEXTUAL DE FONDOS--UNIDAD BIBLIOGRÁFICA BÁSICA | |
| Fondos | 1860-99, 1901-19, 1921-34 (1935-36), (1975-1978) 1979 (1980) 1981-84 (1985-86) 1987 (1988) 1989-90 (1991). |
| 942 ## - ELEMENTOS DE ENTRADA SECUNDARIOS (KOHA) | |
| Fuente del sistema de clasificación o colocación | Clasificación decimal universal |
| Estatus retirado | Estado de pérdida | Fuente del sistema de clasificación o colocación | Estado de daño | No para préstamo | Colección | Biblioteca de origen | Biblioteca actual | Ubicación en estantería | Fecha de adquisición | Total de préstamos | Signatura topográfica completa | Código de barras | Visto por última vez | Precio de reemplazo | Tipo de ítem Koha |
|---|---|---|---|---|---|---|---|---|---|---|---|---|---|---|---|
| Clasificación decimal universal | Periódicos y Revistas | Biblioteca del Ateneo de Madrid | Biblioteca del Ateneo de Madrid | Depósito Z | 17/01/2008 | Z-17 | 1001742 | 23/02/2023 | 23/02/2023 | Revista |
